Search in Artificial Intelligence

Saved in:
Bibliographic Details
Main Author: Kanal, Laveen
Other Authors: Kumar, Vipin
Format: Book
Language:English
Published: New York Springer 1988
Edition:1. ed.
Tags: Add Tag
No Tags, Be the first to tag this record!

MARC

LEADER 00000nam a2200000 4500
001 c028795
005 20221219120543.5
041 0 |a eng 
044 |a US 
245 1 0 |a Search in Artificial Intelligence  |c Laveen Kanal, Vipin Kumar 
250 |a 1. ed. 
264 1 |a New York  |b Springer  |c 1988 
300 |a 482 s. 
100 1 |a Kanal, Laveen 
700 1 |a Kumar, Vipin